Miasta ze Stadionami Piłkarskimi powyżej 30 tysięcy - Statystyki

Ogólne statystyki
  • Ten quiz został rozwiązany 98 razy
  • Średni wynik to 7 z 8
Statystyki odpowiedzi
Hint Odpowiedź % Poprawnych
58 274 Warszawa
100%
31 006 Warszawa
100%
41 620 Gdańsk
99%
42 837 Poznań
98%
33 130 Kraków
96%
42 771 Wrocław
96%
54 378 Chorzów
87%
31 871* Zabrze
58%
Nie znaleziono quizów pasujących do podanych kryteriów
Rozkład punktacji
Procent ludzi z każdym wynikiem
Percentyl według liczby udzielonych odpowiedzi
Twoja historia wyników
Nie rozwiązałeś tego quizu